|
|
|
|
| LEADER |
00000cam a22000004a 4500 |
| 001 |
musev2_4175 |
| 003 |
MdBmJHUP |
| 005 |
20230905040519.0 |
| 006 |
m o d |
| 007 |
cr||||||||nn|n |
| 008 |
090211s2009 ilu o 00 0 eng d |
| 010 |
|
|
|z 2009004496
|
| 020 |
|
|
|a 9780809386505
|
| 020 |
|
|
|z 9780809329489
|
| 035 |
|
|
|a (OCoLC)630153285
|
| 040 |
|
|
|a MdBmJHUP
|c MdBmJHUP
|
| 043 |
|
|
|a n-us---
|
| 050 |
0 |
4 |
|a P95.4.U6
|b G35 2009
|
| 082 |
0 |
|
|a 808.5
|2 22
|
| 100 |
1 |
|
|a Gehrke, Pat J.,
|d 1970-
|
| 245 |
1 |
4 |
|a The Ethics and Politics of Speech :
|b Communication and Rhetoric in the Twentieth Century /
|c Pat J. Gehrke.
|
| 264 |
|
1 |
|a Carbondale :
|b Southern Illinois University Press,
|c 2009.
|
| 264 |
|
3 |
|a Baltimore, Md. :
|b Project MUSE,
|c 2012
|
| 264 |
|
4 |
|c ©2009.
|
| 300 |
|
|
|a 1 online resource (224 pages).
|
| 336 |
|
|
|a text
|b txt
|2 rdacontent
|
| 337 |
|
|
|a computer
|b c
|2 rdamedia
|
| 338 |
|
|
|a online resource
|b cr
|2 rdacarrier
|
| 504 |
|
|
|a Includes bibliographical references (p. 187-199) and index.
|
| 505 |
0 |
|
|a Preparing the speaker to stand tall -- Rhetoric, discussion, and character -- From speech science to rhetoric and philosophy -- Humanism, rhetoric, and existential ethics -- The ethics of objectivism and relativism -- The recalcitrance of humanism.
|
| 588 |
|
|
|a Description based on print version record.
|
| 650 |
|
0 |
|a Rhetoric
|x Social aspects
|z United States
|x History
|y 20th century.
|
| 650 |
|
0 |
|a Oral communication
|x Moral and ethic aspects.
|
| 650 |
|
0 |
|a Oral communication
|z United States
|x History
|y 20th century.
|
| 655 |
|
7 |
|a Electronic books.
|2 local
|
| 710 |
2 |
|
|a Project Muse.
|e distributor
|
| 830 |
|
0 |
|a Book collections on Project MUSE.
|
| 856 |
4 |
0 |
|z Texto completo
|u https://projectmuse.uam.elogim.com/book/4175/
|
| 945 |
|
|
|a Project MUSE - Custom Collection
|
| 945 |
|
|
|a Project MUSE - Archive Complete Foundation
|
| 945 |
|
|
|a Project MUSE - Archive Language and Linguistics Foundation
|